[Event "Eastern Asia-ch zt 3.3 (Women)"]
[Site "Ulaanbaatar"]
[Date "2019.04.15"]
[Round "9"]
[White "Frayna, Janelle Mae"]
[Black "Khongorzul, Davaakhuu"]
[Result "1-0"]
[WhiteElo "2163"]
[BlackElo "1568"]
[PlyCount "77"]
[EventDate "2019.04.07"]
[EventType "swiss"]
[EventRounds "9"]
[EventCountry "MGL"]
[SourceTitle "CBM 189 Extra"]
[Source "ChessBase"]
[SourceDate "2019.06.03"]
[SourceVersion "1"]
[SourceVersionDate "2019.06.03"]
[SourceQuality "1"]

1. Nf3 d5 2. g3 Bf5 3. Bg2 h6 4. c4 e6 5. Qb3 b6 6. Nc3 c6 7. Nd4 Bg6 8. cxd5 exd5 9. Nxd5 cxd5 10. Qxd5 Bc5 11. Nb3 Nf6 12. Qxd8+ Kxd8 13. Bxa8 Re8 14. Bf3 Be4 15. Bxe4 Nxe4 16. Nxc5 Nxc5 17. d4 Nd3+ 18. Kf1 Nb4 19. Bd2 N8c6 20. Bxb4 Nxb4 21. e3 Kd7 22. Kg2 f5 23. h3 h5 24. g4 g6 25. gxf5 gxf5 26. Kf3 Ke6 27. Rhg1 Kf6 28. Rac1 Re6 29. Rc7 a5 30. Rgg7 Re8 31. Rh7 Kg6 32. Rhd7 b5 33. h4 Re6 34. Rg7+ Kh6 35. Rh7+ Kg6 36. Rcg7+ Kf6 37. Rg5 Nxa2 38. Rgxh5 f4 39. R5h6+ 1-0

[Event "Eastern Asia-ch zt 3.3 (Women)"]
[Site "Ulaanbaatar"]
[Date "2019.04.07"]
[Round "1"]
[White "Mungunzul, Bat Erdene"]
[Black "Khongorzul, Davaakhuu"]
[Result "1-0"]
[WhiteElo "1906"]
[BlackElo "1568"]
[PlyCount "75"]
[EventDate "2019.04.07"]
[EventType "swiss"]
[EventRounds "9"]
[EventCountry "MGL"]
[SourceTitle "CBM 189 Extra"]
[Source "ChessBase"]
[SourceDate "2019.06.03"]
[SourceVersion "1"]
[SourceVersionDate "2019.06.03"]
[SourceQuality "1"]

1. d4 d5 2. c4 c6 3. Nc3 Nf6 4. Nf3 a6 5. a4 Nbd7 6. Bg5 e6 7. e3 Bb4 8. Nd2 dxc4 9. Nxc4 h6 10. Bh4 g5 11. Bg3 Ne4 12. Qb3 Nxg3 13. hxg3 Be7 14. Ne4 Qc7 15. a5 f5 16. Nc3 Rb8 17. Na4 c5 18. Be2 g4 19. Rc1 Qc6 20. 0-0 h5 21. dxc5 h4 22. gxh4 Rxh4 23. Rfd1 Kf8 24. Nd6 Rh6 25. Qb4 Nf6 26. Qf4 Kg7 27. Nxf5+ exf5 28. Qxb8 Ne4 29. Nc3 g3 30. fxg3 Bg5 31. Qe5+ Kh7 32. Nxe4 Qxe4 33. Qxe4 fxe4 34. Rc3 Be6 35. Rd6 Be7 36. Rb6 Rg6 37. Bc4 Bxc4 38. Rxc4 1-0

[Event "Asia-ch U20 Girls"]
[Site "Ulaanbaatar"]
[Date "2018.08.25"]
[Round "9"]
[White "Khongorzul, Davaakhuu"]
[Black "Enkhbolor, Nyamdavaa"]
[Result "1-0"]
[WhiteElo "1633"]
[BlackElo "1563"]
[PlyCount "85"]
[EventDate "2018.08.19"]
[EventType "swiss"]
[EventRounds "9"]
[EventCountry "MGL"]
[SourceTitle "CBM 186 Extra"]
[Source "ChessBase"]
[SourceDate "2018.08.24"]
[SourceVersion "1"]
[SourceVersionDate "2018.08.24"]
[SourceQuality "1"]

1. e4 e6 2. d4 d5 3. Nd2 dxe4 4. Nxe4 Nd7 5. c3 Ngf6 6. Bg5 Be7 7. Bxf6 Nxf6 8. Nxf6+ Bxf6 9. Nf3 0-0 10. Bd3 b6 11. Be4 Rb8 12. h4 Bb7 13. Bxb7 Rxb7 14. g4 Qd5 15. Rg1 c5 16. g5 Be7 17. Qe2 cxd4 18. 0-0-0 Qxa2 19. Rxd4 Ba3 20. Qc2 Qa1+ 21. Qb1 Bxb2+ 22. Kc2 Qxb1+ 23. Rxb1 Ba3 24. Ne5 Bc5 25. Rd2 Re7 26. Ra1 f6 27. Nd7 Rff7 28. Rxa7 Re8 29. gxf6 gxf6 30. Rb7 Ra8 31. Kb1 Ra5 32. h5 h6 33. Re2 e5 34. f4 exf4 35. Rg2+ Kh8 36. Rg6 Bf8 37. Nxf6 Bg7 38. Rxf7 Bxf6 39. Rfxf6 Rxh5 40. Rxh6+ Rxh6 41. Rxh6+ Kg7 42. Rxb6 f3 43. Rb2 1-0

[Event "Asia-ch U20 Girls"]
[Site "Ulaanbaatar"]
[Date "2018.08.23"]
[Round "7"]
[White "Chan, Lyanna"]
[Black "Khongorzul, Davaakhuu"]
[Result "1/2-1/2"]
[WhiteElo "1324"]
[BlackElo "1633"]
[PlyCount "121"]
[EventDate "2018.08.19"]
[EventType "swiss"]
[EventRounds "9"]
[EventCountry "MGL"]
[SourceTitle "CBM 186 Extra"]
[Source "ChessBase"]
[SourceDate "2018.08.24"]
[SourceVersion "1"]
[SourceVersionDate "2018.08.24"]
[SourceQuality "1"]

1. e4 c5 2. Nc3 Nc6 3. f4 d6 4. Nf3 Bg4 5. h3 Bxf3 6. Qxf3 Nd4 7. Qd1 e5 8. Bb5+ Nxb5 9. Nxb5 a6 10. Nc3 Qh4+ 11. Kf1 Qxf4+ 12. Qf3 Qxf3+ 13. gxf3 Nf6 14. d3 Be7 15. Kf2 Rd8 16. Bg5 Ng4+ 17. hxg4 Bxg5 18. Nd5 g6 19. Rh3 h5 20. gxh5 Rxh5 21. Rxh5 gxh5 22. Rh1 h4 23. Ne3 Kd7 24. Nf5 Rh8 25. Kg2 b5 26. b3 c4 27. Kh3 cxd3 28. cxd3 Rc8 29. Rh2 Rc3 30. Kg4 Bf6 31. Nxh4 Bxh4 32. Kxh4 Rxd3 33. Kg4 b4 34. Rc2 Rc3 35. Rh2 Kc6 36. Rd2 Rc5 37. Kf5 Rc3 38. Kg4 f6 39. Rf2 Kc5 40. Rd2 Kc6 41. Rf2 a5 42. Rd2 a4 43. bxa4 Ra3 44. Rc2+ Kd7 45. a5 Rxa5 46. Rb2 Rb5 47. Kf5 Ke7 48. a3 b3 49. a4 Rb8 50. a5 Kf7 51. a6 Rg8 52. f4 exf4 53. Rxb3 Rg5+ 54. Kxf4 Ra5 55. Rb7+ Ke6 56. a7 Ra4 57. Ke3 d5 58. exd5+ Kxd5 59. Rf7 Ke5 60. Kf3 Kd5 61. Rxf6 1/2-1/2

[Event "Asia-ch U20 Girls"]
[Site "Ulaanbaatar"]
[Date "2018.08.21"]
[Round "4"]
[White "Khongorzul, Davaakhuu"]
[Black "Amartuvshin, Naransolongo"]
[Result "0-1"]
[WhiteElo "1633"]
[BlackElo "1262"]
[PlyCount "102"]
[EventDate "2018.08.19"]
[EventType "swiss"]
[EventRounds "9"]
[EventCountry "MGL"]
[SourceTitle "CBM 186 Extra"]
[Source "ChessBase"]
[SourceDate "2018.08.24"]
[SourceVersion "1"]
[SourceVersionDate "2018.08.24"]
[SourceQuality "1"]

1. e4 c5 2. Nf3 d6 3. c4 Nf6 4. Nc3 e5 5. g3 Nc6 6. Bg2 Be7 7. d3 a6 8. a4 Be6 9. Ng5 Bd7 10. f4 h6 11. Nf3 exf4 12. Bxf4 0-0 13. b3 Qa5 14. Bd2 Qc7 15. 0-0 Nb4 16. Bf4 Nh5 17. Be3 Nf6 18. Nh4 Ng4 19. Bd2 Bxh4 20. gxh4 Ne5 21. Nd5 Nxd5 22. exd5 Kh8 23. Bf4 Ng6 24. Bg3 Rae8 25. h5 Ne5 26. Bf4 f5 27. Qd2 Kh7 28. Bh3 Qd8 29. Qg2 Qh4 30. Bxe5 Rxe5 31. Ra2 Qxh5 32. Raf2 Qg6 33. Qxg6+ Kxg6 34. Rg2+ Kh7 35. Rd2 g6 36. Rb1 a5 37. d4 Re3 38. Bg2 b6 39. Kf2 Rfe8 40. Rbb2 f4 41. Bf3 g5 42. Bh5 R8e7 43. dxc5 bxc5 44. Re2 Rxe2+ 45. Rxe2 Rxe2+ 46. Bxe2 Bf5 47. Kf3 Kg7 48. Bd1 Kf6 49. Kg2 g4 50. Kf2 Kg5 51. Kg2 h5 0-1

[Event "Asia-ch U20 Girls"]
[Site "Ulaanbaatar"]
[Date "2018.08.19"]
[Round "1"]
[White "Khongorzul, Davaakhuu"]
[Black "Uuriintuya, Uurtsaikh"]
[Result "1/2-1/2"]
[WhiteElo "1633"]
[BlackElo "2313"]
[PlyCount "119"]
[EventDate "2018.08.19"]
[EventType "swiss"]
[EventRounds "9"]
[EventCountry "MGL"]
[SourceTitle "CBM 186 Extra"]
[Source "ChessBase"]
[SourceDate "2018.08.24"]
[SourceVersion "1"]
[SourceVersionDate "2018.08.24"]
[SourceQuality "1"]

1. e4 c5 2. Nf3 g6 3. g3 Bg7 4. Bg2 Nc6 5. c4 d6 6. Nc3 e6 7. Ne2 e5 8. d3 Nge7 9. b3 0-0 10. Bb2 h6 11. 0-0 Be6 12. Kh1 Qd7 13. Nfg1 a6 14. f4 Rab8 15. a4 b5 16. axb5 axb5 17. Qd2 Rb6 18. Nf3 Rfb8 19. Bc3 Nd4 20. Bxd4 exd4 21. Ra2 bxc4 22. bxc4 f5 23. e5 d5 24. Rc1 dxc4 25. dxc4 d3 26. Neg1 Rb4 27. Bf1 Bxc4 28. Rxc4 Rxc4 29. Bxd3 Rd4 30. Nxd4 cxd4 31. Bf1 Kh7 32. Bg2 Nc6 33. Ra6 Rc8 34. Qd1 d3 35. e6 Qxe6 36. Qxd3 Nb4 37. Rxe6 Nxd3 38. Bf1 Nc5 39. Re7 Ne4 40. Nf3 Kg8 41. Ne5 Rc1 42. Kg2 Rc2+ 43. Kg1 Bf8 44. Re8 Kg7 45. Nd7 Bb4 46. Bd3 Rc1+ 47. Kg2 Nd6 48. Rb8 Ba3 49. Rb3 Ra1 50. Kf3 g5 51. h3 Kf7 52. Ne5+ Ke6 53. Nc4 Bc5 54. Nxd6 Bxd6 55. Bc4+ Kd7 56. Re3 gxf4 57. gxf4 Kc6 58. Rc3 Kd7 59. Re3 Kc6 60. Rc3 1/2-1/2

[Event "Ulan-Ude Baikal op 13th"]
[Site "Ulan-Ude"]
[Date "2017.07.22"]
[Round "8"]
[White "Khongorzul, Davaakhuu"]
[Black "Yangutov, Aleksey"]
[Result "0-1"]
[WhiteElo "1617"]
[BlackElo "1948"]
[PlyCount "46"]
[EventDate "2017.07.18"]
[EventType "swiss"]
[EventRounds "9"]
[EventCountry "RUS"]
[SourceTitle "EXT 2018"]
[Source "ChessBase"]
[SourceDate "2017.10.13"]
[SourceVersion "1"]
[SourceVersionDate "2017.10.13"]
[SourceQuality "1"]

1. e4 c5 2. Nf3 Nc6 3. d4 cxd4 4. Nxd4 Nf6 5. Nc3 e5 6. Ndb5 d6 7. Bg5 a6 8. Na3 b5 9. Nd5 Be7 10. Bxf6 Bxf6 11. c3 0-0 12. Be2 Bg5 13. 0-0 Ne7 14. c4 Nxd5 15. Qxd5 Be6 16. Qb7 Qa5 17. cxb5 Qd2 18. Bc4 Qxb2 19. Bxe6 fxe6 20. Nc4 Qd4 21. Na3 Rxf2 22. Kh1 Raf8 23. Rg1 Qxa1 0-1

[Event "Ulan-Ude Baikal op 13th"]
[Site "Ulan-Ude"]
[Date "2017.07.21"]
[Round "6"]
[White "Khongorzul, Davaakhuu"]
[Black "Zhambalzhav, Erzhena"]
[Result "1-0"]
[WhiteElo "1617"]
[BlackElo "1416"]
[PlyCount "40"]
[EventDate "2017.07.18"]
[EventType "swiss"]
[EventRounds "9"]
[EventCountry "RUS"]
[SourceTitle "EXT 2018"]
[Source "ChessBase"]
[SourceDate "2017.10.13"]
[SourceVersion "1"]
[SourceVersionDate "2017.10.13"]
[SourceQuality "1"]

1. e4 e5 2. Nf3 Nc6 3. Bb5 a6 4. Ba4 Nf6 5. 0-0 Nxe4 6. d4 b5 7. Bb3 d5 8. dxe5 Be6 9. c3 Be7 10. Nbd2 0-0 11. Re1 Nc5 12. Bc2 d4 13. cxd4 Nxd4 14. Nxd4 Qxd4 15. Nf3 Qxd1 16. Rxd1 Rad8 17. Be3 Rxd1+ 18. Rxd1 Bc8 19. Nd4 Ne6 20. Nc6 Bc5 1-0

[Event "Ulaanbaatar Ikh Nuudel op"]
[Site "Ulaanbaatar"]
[Date "2016.10.04"]
[Round "8"]
[White "Khongorzul, Davaakhuu"]
[Black "Saikhanchimeg, Tsogtsaikhan"]
[Result "0-1"]
[WhiteElo "1666"]
[BlackElo "1962"]
[PlyCount "52"]
[EventDate "2016.09.29"]
[EventType "swiss"]
[EventRounds "9"]
[EventCountry "MGL"]
[SourceTitle "CBM 174 Extra"]
[Source "ChessBase"]
[SourceDate "2016.10.10"]
[SourceVersion "1"]
[SourceVersionDate "2016.10.10"]
[SourceQuality "1"]

1. e4 c5 2. Nf3 e6 3. d4 cxd4 4. Nxd4 a6 5. Be3 Nf6 6. f3 Qc7 7. a3 d5 8. Nc3 e5 9. Bg5 exd4 10. Qxd4 Nc6 11. Qa4 dxe4 12. Bxf6 gxf6 13. Nd5 Qe5 14. 0-0-0 Bh6+ 15. Kb1 0-0 16. g3 Bg7 17. f4 Qh5 18. Bg2 Bg4 19. Rd2 Bf3 20. Bxf3 Qxf3 21. Re1 f5 22. Re3 Qf1+ 23. Ka2 Qc1 24. Qb3 Qxd2 25. g4 Rad8 26. Nb6 Na5 0-1

[Event "Ulaanbaatar Ikh Nuudel op"]
[Site "Ulaanbaatar"]
[Date "2016.10.02"]
[Round "6"]
[White "Khongorzul, Davaakhuu"]
[Black "Enkhsaran, Batsaikhan"]
[Result "1/2-1/2"]
[WhiteElo "1666"]
[BlackElo "1380"]
[PlyCount "115"]
[EventDate "2016.09.29"]
[EventType "swiss"]
[EventRounds "9"]
[EventCountry "MGL"]
[SourceTitle "CBM 174 Extra"]
[Source "ChessBase"]
[SourceDate "2016.10.10"]
[SourceVersion "1"]
[SourceVersionDate "2016.10.10"]
[SourceQuality "1"]

1. e4 e6 2. d4 d5 3. Nd2 Nf6 4. e5 Nfd7 5. Ne2 c5 6. c3 Nc6 7. Nf3 Be7 8. Ng3 Qb6 9. h4 cxd4 10. cxd4 Bb4+ 11. Bd2 Nxd4 12. Bc3 Nxf3+ 13. Qxf3 Nxe5 14. Qf4 Bxc3+ 15. bxc3 Qc7 16. Qd4 Rg8 17. Be2 Nc6 18. Qd3 Bd7 19. Qxh7 Ke7 20. Rh3 Rh8 21. Qd3 Rac8 22. Qe3 Qe5 23. Qd2 d4 24. Rd1 Qc7 25. Qg5+ Kf8 26. Nh5 Qe5 27. Qg4 dxc3 28. f4 Qxh5 29. Qxh5 Rxh5 30. Bxh5 Nb4 31. Rxc3 Rxc3 32. Rxd7 g6 33. Bf3 Rc1+ 34. Kd2 Rc2+ 35. Ke3 Rxa2 36. Rxb7 Ra3+ 37. Kd4 Nc2+ 38. Ke5 Kg7 39. Bc6 Ra5+ 40. Ke4 Kf8 41. g4 Rc5 42. Bd7 a5 43. h5 gxh5 44. f5 exf5+ 45. gxf5 f6 46. Be6 Re5+ 47. Kf4 Re1 48. Rf7+ Ke8 49. Rxf6 Nd4 50. Bc4 Rc1 51. Bd5 Rf1+ 52. Ke5 Rxf5+ 53. Rxf5 Nxf5 54. Kxf5 h4 55. Kg4 a4 56. Bc6+ Ke7 57. Bxa4 h3 58. Kxh3 1/2-1/2

[Event "Ulaanbaatar Ikh Nuudel op"]
[Site "Ulaanbaatar"]
[Date "2016.10.01"]
[Round "3"]
[White "Orgil, Gantumur"]
[Black "Khongorzul, Davaakhuu"]
[Result "1-0"]
[WhiteElo "2049"]
[BlackElo "1666"]
[PlyCount "41"]
[EventDate "2016.09.29"]
[EventType "swiss"]
[EventRounds "9"]
[EventCountry "MGL"]
[SourceTitle "CBM 174 Extra"]
[Source "ChessBase"]
[SourceDate "2016.10.10"]
[SourceVersion "1"]
[SourceVersionDate "2016.10.10"]
[SourceQuality "1"]

1. d4 d5 2. Nf3 c6 3. g3 g6 4. Bg2 Bg7 5. 0-0 Nf6 6. Nbd2 Bf5 7. c3 Nbd7 8. Nh4 Nb6 9. Nxf5 gxf5 10. Qc2 e6 11. f3 Nh5 12. e3 Bh6 13. Re1 Rg8 14. Nb3 Nc4 15. Nc5 f4 16. exf4 Qe7 17. Qxh7 Rg6 18. f5 Bxc1 19. fxe6 Bxb2 20. Qxh5 Bxc3 21. exf7+ 1-0

[Event "Voronezh op-B 20th"]
[Site "Voronezh"]
[Date "2016.06.18"]
[Round "6"]
[White "Khongorzul, Davaakhuu"]
[Black "Kholodov, Vladimir"]
[Result "0-1"]
[WhiteElo "1573"]
[BlackElo "1997"]
[PlyCount "62"]
[EventDate "2016.06.12"]
[EventType "swiss"]
[EventRounds "9"]
[EventCountry "RUS"]
[SourceTitle "EXT 2017"]
[Source "ChessBase"]
[SourceDate "2016.10.25"]
[SourceVersion "1"]
[SourceVersionDate "2016.10.25"]
[SourceQuality "1"]

1. e4 c5 2. Nf3 e6 3. d4 cxd4 4. Nxd4 Nf6 5. f3 Nc6 6. Be3 d5 7. Nxc6 bxc6 8. e5 Nd7 9. f4 f6 10. Bd3 g6 11. Qg4 Qe7 12. Qh4 Bg7 13. c3 0-0 14. 0-0 Qe8 15. exf6 Bxf6 16. Qg3 c5 17. f5 exf5 18. Bxf5 Be5 19. Bxd7 Rxf1+ 20. Kxf1 Ba6+ 21. Kg1 Bxg3 22. Bxe8 Rxe8 23. Bd2 Be5 24. Na3 d4 25. Re1 Kf7 26. c4 d3 27. Rf1+ Kg7 28. b3 Bd4+ 29. Kh1 Re2 30. Nb1 Bb7 31. Bc3 Bxg2# 0-1

[Event "Voronezh op-B 20th"]
[Site "Voronezh"]
[Date "2016.06.16"]
[Round "5"]
[White "Khongorzul, Davaakhuu"]
[Black "Shilnikov, Igor S"]
[Result "1-0"]
[WhiteElo "1573"]
[BlackElo "1866"]
[PlyCount "95"]
[EventDate "2016.06.12"]
[EventType "swiss"]
[EventRounds "9"]
[EventCountry "RUS"]
[SourceTitle "EXT 2017"]
[Source "ChessBase"]
[SourceDate "2016.10.25"]
[SourceVersion "1"]
[SourceVersionDate "2016.10.25"]
[SourceQuality "1"]

1. e4 e6 2. d4 d5 3. Nd2 Nc6 4. Ngf3 Nf6 5. e5 Nd7 6. c3 f6 7. Bb5 a6 8. Bxc6 bxc6 9. exf6 Qxf6 10. 0-0 Bd6 11. Re1 0-0 12. Nf1 e5 13. Bg5 Qf7 14. dxe5 Nxe5 15. Nxe5 Qxf2+ 16. Kh1 Bxe5 17. Rxe5 Qxb2 18. Be3 Bf5 19. Qc1 Qb5 20. Ng3 Bg6 21. Qd2 Rab8 22. Bd4 Rf7 23. Qe2 Rd7 24. Re7 Qxe2 25. Rxe2 Rb5 26. h4 c5 27. Bf2 d4 28. h5 Bf7 29. a4 Rb3 30. Ne4 Rd5 31. g4 Re5 32. cxd4 cxd4 33. Bxd4 Rxe4 34. Rxe4 Bd5 35. Rae1 Rb4 36. Kh2 Bxe4 37. Rxe4 c5 38. Re8+ Kf7 39. Rf8+ Ke6 40. Bxg7 Rxg4 41. h6 Rxa4 42. Rc8 Rh4+ 43. Kg3 Rh5 44. Rc6+ Kf7 45. Rxa6 Ke8 46. Rc6 Ke7 47. Kf4 Kd7 48. Ra6 1-0

[Event "Asia-ch U14 Girls"]
[Site "Ulaanbaatar"]
[Date "2016.04.12"]
[Round "7"]
[White "Mandukhai, Myagmarsuren"]
[Black "Khongorzul, Davaakhuu"]
[Result "0-1"]
[WhiteElo "1376"]
[BlackElo "1532"]
[PlyCount "114"]
[EventDate "2016.04.06"]
[EventType "swiss"]
[EventRounds "9"]
[EventCountry "MGL"]
[SourceTitle "EXT 2017"]
[Source "ChessBase"]
[SourceDate "2016.10.25"]
[SourceVersion "1"]
[SourceVersionDate "2016.10.25"]
[SourceQuality "1"]

1. d4 Nf6 2. c4 e6 3. Nc3 d5 4. Nf3 Nbd7 5. e3 Bb4 6. a3 Bxc3+ 7. bxc3 c5 8. cxd5 Nxd5 9. Qc2 Qc7 10. e4 N5f6 11. Bd3 cxd4 12. cxd4 Qxc2 13. Bxc2 b6 14. 0-0 Bb7 15. Re1 Rc8 16. Bb1 0-0 17. Bd2 Rfd8 18. Ra2 Rc6 19. Bc2 Rdc8 20. Ba4 R6c7 21. Bf4 Rc4 22. Bb5 Rc2 23. Raa1 Rb2 24. a4 Rcc2 25. e5 Rxf2 26. Bd2 Rbxd2 27. Nxd2 Rxg2+ 28. Kf1 Ng4 29. Ne4 Rc2 30. Re2 Rxe2 31. Kxe2 Ndxe5 32. dxe5 Bxe4 33. Rc1 h5 34. Rc8+ Kh7 35. Bd3 Bxd3+ 36. Kxd3 Nxh2 37. Ra8 Ng4 38. Ke4 Nf2+ 39. Kd4 h4 40. Ke3 Nd1+ 41. Kf4 Nf2 42. Rxa7 Kg6 43. Rb7 Nd3+ 44. Kg4 Nxe5+ 45. Kxh4 Nc4 46. Rc7 Nb2 47. Ra7 f5 48. a5 bxa5 49. Rxa5 Nc4 50. Rc5 Nd2 51. Rc2 Ne4 52. Re2 Kh6 53. Kh3 g5 54. Rc2 Kg6 55. Re2 Kh5 56. Re3 g4+ 57. Kg2 Kg5 0-1

[Event "Asia-ch U14 Girls"]
[Site "Ulaanbaatar"]
[Date "2016.04.06"]
[Round "1"]
[White "Asgharzadeh, Mitra"]
[Black "Khongorzul, Davaakhuu"]
[Result "1-0"]
[WhiteElo "1951"]
[BlackElo "1532"]
[PlyCount "71"]
[EventDate "2016.04.06"]
[EventType "swiss"]
[EventRounds "9"]
[EventCountry "MGL"]
[SourceTitle "EXT 2017"]
[Source "ChessBase"]
[SourceDate "2016.10.25"]
[SourceVersion "1"]
[SourceVersionDate "2016.10.25"]
[SourceQuality "1"]

1. d4 d5 2. Nf3 Bf5 3. e3 c6 4. c4 Nf6 5. cxd5 cxd5 6. Qb3 Qc7 7. Nc3 e6 8. Bd2 a6 9. Rc1 Nc6 10. Be2 Bd6 11. 0-0 0-0 12. h3 Na5 13. Qd1 Nc4 14. Qe1 Rac8 15. Bxc4 dxc4 16. e4 Bg6 17. e5 Bb4 18. exf6 Bd3 19. fxg7 Rfe8 20. Ne4 Be7 21. Qe3 Bxf1 22. Rxf1 Qc6 23. Qf4 Qd5 24. Ne5 f5 25. Ng5 Bxg5 26. Qxg5 Qxd4 27. Bc3 Qd6 28. Qh5 Re7 29. Rd1 Qc7 30. Nf3 e5 31. Ng5 Rxg7 32. Ne6 Qf7 33. Nxg7 Qxg7 34. Qxf5 Re8 35. Rd7 Qh6 36. Qf7+ 1-0

[Event "World ol U16"]
[Site "Ulaanbaatar"]
[Date "2015.08.28"]
[Round "10.4"]
[White "Khongorzul, Davaakhuu"]
[Black "Erdemdalai, Yondonjamts"]
[Result "0-1"]
[WhiteElo "1578"]
[BlackElo "1781"]
[PlyCount "74"]
[EventDate "2015.08.20"]
[EventType "team-swiss"]
[EventRounds "9"]
[EventCountry "MGL"]
[SourceTitle "EXT 2017"]
[Source "ChessBase"]
[SourceDate "2016.10.25"]
[SourceVersion "1"]
[SourceVersionDate "2016.10.25"]
[SourceQuality "1"]
[WhiteTeam "Mongolia II"]
[BlackTeam "Mongolia"]
[WhiteTeamCountry "MGL"]
[BlackTeamCountry "MGL"]

1. e4 e5 2. Nf3 Nc6 3. Bb5 a6 4. Ba4 Nf6 5. 0-0 Be7 6. Re1 b5 7. Bb3 0-0 8. c3 d6 9. h3 Bb7 10. d4 Na5 11. Bc2 Nc4 12. Nbd2 Nxd2 13. Bxd2 Nd7 14. Nh2 c5 15. Ng4 Rc8 16. Nh6+ gxh6 17. Bxh6 Kh8 18. Bxf8 Bxf8 19. Re3 Nf6 20. d5 Bh6 21. Rf3 Qe7 22. a4 b4 23. a5 b3 24. Bxb3 Nxe4 25. Bc2 Nf6 26. c4 Rg8 27. g4 Bc8 28. Rg3 Bf4 29. Rg2 h5 30. f3 e4 31. Qe2 Qe5 32. Bxe4 hxg4 33. hxg4 Bxg4 34. Kf2 Nxe4+ 35. fxe4 Bxe2 36. Rh1+ Bh5 37. Rxg8+ Kxg8 0-1

[Event "World ol U16"]
[Site "Ulaanbaatar"]
[Date "2015.08.25"]
[Round "7.4"]
[White "Khongorzul, Davaakhuu"]
[Black "Nisban, Cyrus"]
[Result "0-1"]
[WhiteElo "1578"]
[BlackElo "1699"]
[PlyCount "66"]
[EventDate "2015.08.20"]
[EventType "team-swiss"]
[EventRounds "9"]
[EventCountry "MGL"]
[SourceTitle "EXT 2016"]
[Source "ChessBase"]
[SourceDate "2015.10.08"]
[SourceVersion "1"]
[SourceVersionDate "2015.10.08"]
[SourceQuality "1"]
[WhiteTeam "Mongolia II"]
[BlackTeam "Singapore II"]
[WhiteTeamCountry "MGL"]
[BlackTeamCountry "SIN"]

1. e4 c5 2. Nf3 d6 3. d4 cxd4 4. Nxd4 Nf6 5. Nc3 a6 6. Be3 e6 7. f3 Be7 8. Qd2 0-0 9. g4 Nc6 10. h4 Nxd4 11. Bxd4 b5 12. h5 Nd7 13. 0-0-0 Bb7 14. Be3 Rc8 15. g5 b4 16. Ne2 Ne5 17. Nd4 Nxf3 18. Nxf3 Bxe4 19. Bd3 Bxf3 20. g6 Bf6 21. h6 fxg6 22. hxg7 Rf7 23. Bxg6 Rxg7 24. Bxh7+ Rxh7 25. Rdg1+ Rg7 26. Rxg7+ Bxg7 27. Rh2 Qf6 28. Qxb4 a5 29. Qb6 Qe5 30. Rd2 Bh6 31. Rd3 Qh2 32. Qb3 Qg1+ 33. Kd2 Qd1# 0-1